00393nam a2200145Ia 4500003000400000005001700004008004100021040001800062041000800080100004400088110002700132245004200159260002000201710002600221OSt20260303105349.0211028s2003 xx 000 0 und d cAIMIT LIBRARY aeng aK Sadhana;D Souza, Anil Prakash.g92176 aD Souza, Anil Prakash. aMicrocontroller downloading utility / aBangalorec2003 aUnisoft India Pvt Ltd